000 00752cam a22002411 4500
001 sa 67007692
003 DLC
005 20260227112417.0
008 890327s1963 ii c 000 0 maio
010 _asa 67007692
035 _a(OCoLC)19463327
040 _aDLC
_cNRU
_dWU
_dDLC
042 _apremarc
050 0 0 _aB131
_b.J52
100 1 _aJha, Yashodhar.
245 1 0 _aMithilā vaibhava;
_bMithilā me darśanaka utkarsha. The philosophical treasure of Mithila.
_cLekhaka Yaśodhara Jhā.
250 _a[1. saṃskar̥ana.
260 _aPatanā,
_bMudaraka: Indiana Naśana Presa,
_c1963]
300 _a21, 2, 11, 11, 131 p.
_bport.
_c21 cm.
500 _aIn Maithilli.
650 0 _aPhilosophy, Indic.
651 0 _aMithila (India and Nepal)
999 _c76733
_d76733